Statistics for Formula 1 - Finish the Radio Quote

Click here to take the quiz!

General Stats

  • This quiz has been taken 78 times
  • The average score is 4 of 9

Answer Stats

HintAnswer% Correct
"No Michael, no no Michael, that was ____________!" - Toto Wolff"so not right!"
76%
"To whom it may concern..." - Valtteri Bottas"F**k you."
73%
"Losing POWER! I can't! ________! ________! F******K!!!
- Lando Norris
"It's bwoken!"
58%
"Leave me alone..." - Kimi Raikkonen"I know what to do!"
50%
"I think ____ hit us!" - Romain GrosjeanEriccson
35%
"Bono my tyres ________!" - Lewis Hamilton"are dead!"
32%
"Holy ****! ______________! Get me out, there's fire! There's fire!"
- Nico Hulkenberg
"I'm hanging here like a cow!"
29%
"_____, Seb. Yeah! _____!" - Mark WebberMulti-21
29%
"There's something loose in between my legs..."
- Sebastian Vettel
"Besides the usual, of course."
3%

Score Distribution

Percentile by Number Answered

Percent of People with Each Score

Your Score History

You have not taken this quiz